[Event "GER-chT U14"]
[Site "Arendsee"]
[Date "2009.12.29"]
[Round "6.4"]
[White "Scheuch, Benjamin"]
[Black "Keller, Peter1"]
[Result "1/2-1/2"]
[WhiteElo "1376"]
[BlackElo "1621"]
[PlyCount "85"]
[EventDate "2009.12.27"]
[EventType "team-swiss"]
[EventRounds "7"]
[EventCountry "GER"]
[SourceTitle "EXT 2022"]
[Source "ChessBase"]
[SourceDate "2021.10.06"]
[SourceVersion "1"]
[SourceVersionDate "2021.10.06"]
[SourceQuality "1"]
[WhiteTeam "Erfurt Empor U14"]
[BlackTeam "Frankfurt TV U14"]
[WhiteTeamCountry "GER"]
[BlackTeamCountry "GER"]

1. e4 e5 2. Nf3 Nc6 3. Bc4 Nf6 4. d3 Be7 5. c3 0-0 6. Nbd2 d5 7. exd5 Nxd5 8. Nf1 Bf6 9. Ng3 Nb6 10. Bb3 Re8 11. 0-0 Be6 12. Bc2 Be7 13. Re1 Bd6 14. d4 exd4 15. Nxd4 Nxd4 16. Qxd4 Bxg3 17. Qxd8 Bxf2+ 18. Kxf2 Raxd8 19. Be3 Bc4 20. b3 Be6 21. Rad1 Rxd1 22. Rxd1 f6 23. c4 Nd7 24. Be4 c6 25. Rd2 a6 26. h3 Kf7 27. g4 g6 28. Kg3 f5 29. gxf5 gxf5 30. Bf3 Nf6 31. Bg5 Kg6 32. Bxf6 Kxf6 33. Kf4 Re7 34. h4 Rd7 35. Rxd7 Bxd7 36. Be2 h6 37. Bf3 b5 38. c5 Ke6 39. Bg2 b4 40. Bf3 a5 41. Bg2 Kf6 42. Bf3 Be8 43. Bg2 1/2-1/2